Plant ecophysiology and adaptation under climate change : (Record no. 20788)

000 -LEADER
fixed length control field 01946cam a2200241 i 4500
020 ## - INTERNATIONAL STANDARD BOOK NUMBER
ISBN 9789811521560
020 ## - INTERNATIONAL STANDARD BOOK NUMBER
ISBN 9811521565
040 ## - CATALOGING SOURCE
Transcribing agency EBLCP
082 04 - DEWEY DECIMAL CLASSIFICATION NUMBER
Classification number 571 HAS 2020 A006 Or.
245 00 - TITLE STATEMENT
Title Plant ecophysiology and adaptation under climate change :
Remainder of title mechanisms and perspectives.
246 30 - VARYING FORM OF TITLE
Title proper/short title General consequences and plant responses
300 ## - PHYSICAL DESCRIPTION
Number of Pages 1 online resource (xxi, 859 pages) :
Other physical details illustrations
520 ## - SUMMARY, ETC.
Summary, etc This book presents the state-of-the-art in plant ecophysiology. With a particular focus on adaptation to a changing environment, it discusses ecophysiology and adaptive mechanisms of plants under climate change. Over the centuries, the incidence of various abiotic stresses such as salinity, drought, extreme temperatures, atmospheric pollution, metal toxicity due to climate change have regularly affected plants and, and some estimates suggest that environmental stresses may reduce the crop yield by up to 70%. This in turn adversely affects the food security. As sessile organisms, plants are frequently exposed to various environmental adversities. As such, both plant physiology and plant ecophysiology begin with the study of responses to the environment. Provides essential insights, this book can be used for courses such as Plant Physiology, Environmental Science, Crop Production and Agricultural Botany. Volume 1 provides up-to-date information on the impact of climate change on plants, the general consequences and plant responses to various environmental stresses
650 #0 - SUBJECT ADDED ENTRY--TOPICAL TERM
Topical Term Climatic changes.
650 #0 - SUBJECT ADDED ENTRY--TOPICAL TERM
Topical Term Plant ecophysiology.
650 #0 - SUBJECT ADDED ENTRY--TOPICAL TERM
Topical Term Plants
700 1# - ADDED ENTRY--PERSONAL NAME
Personal name Hasanuzzaman, Mirza,
710 2# - ADDED ENTRY--CORPORATE NAME
Corporate name or jurisdiction name as entry element Ohio Library and Information Network.
856 40 - ELECTRONIC LOCATION AND ACCESS
Uniform Resource Identifier https://rave.ohiolink.edu/ebooks/ebc2/9789811521560
856 40 - ELECTRONIC LOCATION AND ACCESS
Uniform Resource Identifier http://link.springer.com/10.1007/978-981-15-2156-0
856 40 - ELECTRONIC LOCATION AND ACCESS
Uniform Resource Identifier http://proxy.ohiolink.edu:9099/login?url=http://link.springer.com/10.1007/978-981-15-2156-0
942 ## - ADDED ENTRY ELEMENTS (KOHA)
Koha item type ADB
952 ## - LOCATION AND ITEM INFORMATION (KOHA)
Withdrawn status [LOCAL, KOHA] 0
Holdings
Permanent Location Date acquired Koha item type Lost status Shelving location Barcode Current Location Full call number
Library Block A2022-11-30ADB A028a069703Library Block A571 HAS 2020 A028 Or.
មជ្ឈមណ្ឌលឯការនៃសាកលវិទ្យាល័យភូមិន្ទកសិកម្មចំការដូង

Powered by Koha